000 00407nam a2200157Ia 4500
008 210716s2010 xx 000 0 und d
020 _a9781848607323
041 _aeng
082 _a658.56 LESM
100 _aLeseure Michel.
245 _aKey concepts in operations management.
250 _a1
260 _aNew Delhi
_bSage Publications
_c2010
300 _aviii,304
650 _aOperations Management
999 _c207354
_d207354